Muscles of the Human Body - Statistics

General Stats
  • This quiz has been taken 98 times
    91 since last reset
  • The average score is 47 of 251
Answer Stats
Muscle Group Muscles % Correct
Arm Biceps Brachii
78%
Arm Triceps Brachii
72%
Shoulder Deltoid
69%
Gluteal Gluteus Maximus
67%
Hypaxial Latissimus Dorsi
67%
Thorax Pectoralis Major
67%
Hypaxial Trapezius
67%
Thorax Pectoralis Minor
64%
Posterior Forearm Brachioradialis
58%
Shoulder Teres Major
58%
Posterior Thigh Biceps Femoris
56%
Arm Brachialis
56%
Shoulder Teres Minor
56%
Posterior Leg Gastrocnemius
53%
Gluteal Gluteus Minimus
53%
Anterior Thigh Rectus Femoris
53%
Gluteal Gluteus Medius
50%
Shoulder Infraspinatus
50%
Posterior Leg Soleus
50%
Abdominal External Abdominal Oblique
47%
Posterior Thigh Semimembranosus
47%
Posterior Forearm Extensor Digitorum
44%
Posterior Thigh Semitendinosus
44%
Anterior Thigh Vastus Lateralis
44%
Anterior Thigh Vastus Medialis
44%
Arm Coracobrachialis
42%
Posterior Forearm Extensor Carpi Ulnaris
42%
Hypaxial Rhomboid Major
42%
Hypaxial Rhomboid Minor
42%
Anterior Thigh Sartorius
42%
Shoulder Subscapularis
42%
Shoulder Supraspinatus
42%
Anterior Leg Tibialis Anterior
42%
Anterior Forearm Flexor Carpi Radialis
39%
Anterior Forearm Flexor Carpi Ulnaris
39%
Thorax Serratus Anterior
39%
General Neck Sternocleidomastoid
39%
Masticatory Masseter
36%
Anterior Forearm Pronator Teres
36%
Abdominal Rectus Abdominis
36%
Posterior Forearm Supinator
36%
Anterior Thigh Vastus Intermedius
36%
Anterior Forearm Flexor Digitorum Profundus
33%
Anterior Forearm Flexor Digitorum Superficialis
33%
Hand Flexor Pollicis Brevis
33%
Iliopsoas Iliacus
33%
Abdominal Internal Abdominal Oblique
33%
Anterior Forearm Palmaris Longus
33%
Iliopsoas Psoas Major
33%
Hand Abductor Pollicis Brevis
31%
Medial Thigh Adductor Magnus
31%
Posterior Forearm Extensor Carpi Radialis Brevis
31%
Anterior Forearm Flexor Pollicis Longus
31%
Medial Thigh Gracilis
31%
Foot Abductor Digiti Minimi of Foot
28%
Hand Abductor Digiti Minimi of Hand
28%
Posterior Forearm Abductor Pollicis Longus
28%
Medial Thigh Adductor Brevis
28%
Medial Thigh Adductor Longus
28%
Hand Adductor Pollicis
28%
Posterior Forearm Anconeus
28%
Posterior Forearm Extensor Carpi Radialis Longus
28%
Posterior Forearm Extensor Indicis
28%
Posterior Forearm Extensor Pollicis Longus
28%
Lateral Leg Fibularis Longus
28%
Hypaxial Levator Scapulae
28%
Foot Lumbricals of Foot
28%
Hand Lumbricals of Hand
28%
Gluteal Piriformis
28%
Anterior Forearm Pronator Quadratus
28%
Iliopsoas Psoas Minor
28%
Masticatory Temporalis
28%
Thorax Diaphragm
25%
Foot Dorsal Interossei of Foot
25%
Hand Dorsal Interossei of Hand
25%
Posterior Forearm Extensor Digiti Minimi
25%
Posterior Forearm Extensor Pollicis Brevis
25%
Foot Flexor Digiti Minimi of Foot
25%
Hand Flexor Digiti Minimi of Hand
25%
Hand Opponens Digiti Minimi of Hand
25%
Facial Orbicularis Oculi
25%
Posterior Leg Tibialis Posterior
25%
Lateral Leg Fibularis Brevis
22%
Medial Thigh Obturator Externus
22%
Gluteal Obturator Internus
22%
Hand Opponens Pollicis
22%
Hand Palmar Interossei
22%
Posterior Leg Popliteus
22%
Facial Zygomaticus Major
22%
Facial Zygomaticus Minor
22%
Anterior Leg Extensor Digitorum Longus
19%
Foot Flexor Digitorum Brevis
19%
Posterior Leg Flexor Digitorum Longus
19%
Posterior Leg Plantaris
19%
General Neck Platysma
19%
Gluteal Quadratus Femoris
19%
Abdominal Quadratus Lumborum
19%
Thorax Subclavius
19%
Anterior Leg Extensor Hallucis Longus
17%
Thorax External Intercostal
17%
Posterior Leg Flexor Hallucis Longus
17%
Gluteal Inferior Gemellus
17%
Thorax Internal Intercostal
17%
Suprahyoid Mylohyoid
17%
Facial Orbicularis Oris
17%
Medial Thigh Pectineus
17%
Foot Plantar Interossei
17%
Hypaxial Serratus Posterior Inferior
17%
Hypaxial Serratus Posterior Superior
17%
Gluteal Superior Gemellus
17%
Foot Abductor Hallucis
14%
Laryngeal Cricothyroid
14%
Suprahyoid Digastric
14%
Foot Extensor Digitorum Brevis
14%
Anterior Leg Fibularis Tertius
14%
Extra-Occular Inferior Oblique
14%
Extra-Occular Inferior Rectus
14%
Extra-Occular Lateral Rectus
14%
Facial Levator Labii Superioris
14%
Extra-Occular Levator Palpebrae Superioris
14%
Extra-Occular Medial Rectus
14%
Facial Nasalis
14%
Epicranius Occipitofrontalis
14%
Infrahyoid Omohyoid
14%
Hand Palmaris Brevis
14%
Infrahyoid Sternohyoid
14%
Suprahyoid Stylohyoid
14%
Extra-Occular Superior Oblique
14%
Extra-Occular Superior Rectus
14%
Gluteal Tensor Fasciae Latae
14%
Infrahyoid Thyrohyoid
14%
Abdominal Transversus Abdominis
14%
Foot Adductor Hallucis
11%
Pelvis Coccygeus
11%
Facial Depressor Anguli Oris
11%
Facial Depressor Labii Inferioris
11%
Foot Extensor Hallucis Brevis
11%
Foot Flexor Hallucis Brevis
11%
Facial Levator Anguli Oris
11%
Abdominal Pyramidalis
11%
Spinotransversales Splenius Colli
11%
Infrahyoid Sternothyroid
11%
Pharyngeal Stylopharyngeus
11%
Abdominal Cremaster
8%
Suprahyoid Geniohyoid
8%
Lingual Hyoglossus
8%
Pelvis Iliococcygeus
8%
Pharyngeal Inferior Pharyngeal Constrictor
8%
Masticatory Lateral Pterygoid
8%
Erector Spinae Longissimus Thoracis
8%
Masticatory Medial Pterygoid
8%
Facial Mentalis
8%
Pharyngeal Middle Pharyngeal Constrictor
8%
Pelvis Pubococcygeus
8%
Foot Quadratus Plantae
8%
Facial Risorius
8%
Spinotransversales Splenius Capitis
8%
Auditory Ossicles Stapedius
8%
Pharyngeal Superior Pharyngeal Constrictor
8%
Auditory Ossicles Tensor Tympani
8%
Anterior Thigh Articularis Genus
6%
Extrinsic Auricular Auricularis Anterior
6%
Extrinsic Auricular Auricularis Posterior
6%
Extrinsic Auricular Auricularis Superior
6%
Facial Bucinator
6%
Facial Corrugator Supercilii
6%
Facial Depressor Supercilii
6%
Perineal External Anal Sphincter
6%
Perineal External Urethral Sphincter
6%
Lingual Genioglossus
6%
Erector Spinae Iliocostalis Colli
6%
Thorax Innermost Intercostal
6%
Laryngeal Lateral Crico-Arytenoid
6%
Facial Levator Nasolabialis
6%
Soft Palate Levator Veli Palatini
6%
Erector Spinae Longissimus Colli
6%
Transversospinal Long Rotatores
6%
General Neck Longus Capitis
6%
General Neck Longus Colli
6%
Transversospinal Multifidus Colli
6%
Transversospinal Multifidus Thoracis
6%
Soft Palate Palatoglossus
6%
Soft Palate Palatopharyngeus
6%
Laryngeal Posterior Crico-Arytenoid
6%
Facial Procerus
6%
Pelvis Pubo-Analis
6%
Pelvis Pubovaginalis
6%
Pharyngeal Salpingopharyngeus
6%
General Neck Scalenus Anterior
6%
General Neck Scalenus Medius
6%
General Neck Scalenus Posterior
6%
Transversospinal Semispinalis Capitis
6%
Transversospinal Semispinalis Thoracis
6%
Transversospinal Short Rotatores
6%
Erector Spinae Spinalis Colli
6%
Erector Spinae Spinalis Thoracis
6%
Thorax Subcostal
6%
Soft Palate Tensor Veli Palatini
6%
Thorax Transversus Thoracis
6%
Laryngeal Vocalis
6%
Hypaxial Anterior Intertransversarii Colli
3%
Intrinsic Auricular Antitragicus
3%
Arm Articularis Cubiti
3%
Perineal Bulbospongiosus
3%
Lingual Chondroglossus
3%
Perineal Compressor Urethrae
3%
Perineal Deep Transverse Perineal
3%
Facial Depressor Septi Nasi
3%
Intrinsic Auricular Helicis Major
3%
Intrinsic Auricular Helicis Minor
3%
Erector Spinae Iliocostalis Lumborum
3%
Lingual Inferior Longitudinal
3%
Interspinales Interspinales Colli
3%
Interspinales Interspinales Lumborum
3%
Interspinales Interspinales Thoracis
3%
Intertransversarii Intertransversarii Thoracis
3%
Perineal Ischiocavernosus
3%
Hypaxial Lateral Intertransversarii Lumborum
3%
Hypaxial Lateral Posterior Intertransversarii Colli
3%
Thorax Levatores Breves Costarum
3%
Thorax Levatores Longi Costarum
3%
Erector Spinae Longissimus Capitis
3%
Intertransversarii Medial Intertransversarii Lumborum
3%
Intertransversarii Medial Posterior Intertransversarii Colli
3%
Transversospinal Multifidus Lumborum
3%
Soft Palate Musculus Uvulae
3%
Laryngeal Oblique Arytenoid
3%
Intrinsic Auricular Oblique Muscle of Auricle
3%
Suboccipital Obliquus Inferior Capitis
3%
Suboccipital Obliquus Superior Capitis
3%
Pelvis Puboperinealis
3%
Pelvis Puboprostaticus
3%
Intrinsic Auricular Pyramidal Muscle of Auricle
3%
General Neck Rectus Anterior Capitis
3%
General Neck Rectus Lateralis Capitis
3%
Suboccipital Rectus Posterior Major Capitis
3%
Suboccipital Rectus Posterior Minor Capitis
3%
Transversospinal Semispinalis Colli
3%
Perineal Sphincter Urethrovaginalis
3%
Erector Spinae Spinalis Capitis
3%
Lingual Styloglossus
3%
Perineal Superficial Transverse Perineal
3%
Lingual Superior Longitudinal
3%
Epicranius Temporoparietalis
3%
Laryngeal Thyro-Arytenoid
3%
Intrinsic Auricular Tragicus
3%
Laryngeal Transverse Arytenoid
3%
Intrinsic Auricular Transverse Muscle of Auricle
3%
Lingual Transversus Linguae
3%
Facial Transversus Menti
3%
Lingual Verticalis Linguae
3%
No matching quizzes found
Score Distribution
Percent of People with Each Score
Percentile by Number Answered
Your Score History
You have not taken this quiz since the last reset